000 00566pam a2200217 a 4500
001 1844501
005 20180301083008.0
008 810731s1982 nyu b 001 0 eng
010 _a 81067439
020 _a0029267900 (pbk.)
040 _aDLC
_cDLC
_dDLC
041 _aeng
080 _a302 ROS
082 0 0 _a302 ROS
_219
100 1 _a50
101 _aSOC
245 1 0 _aOutbreaks, the sociology of collective behavior /
_cJerry D. Rose.
504 _aBibliography: p. 255-259.
906 _a7
_bcbc
_corignew
_d1
_eopcn
_f19
_gy-gencatlg
942 _2ddc
_cBK
999 _c43859
_d43859